[Event "Cacoal op"]
[Site "Cacoal"]
[Date "2024.08.24"]
[Round "4"]
[White "Cesar, Emanuel"]
[Black "Astenreter, Juan Carlos De Souz"]
[Result "0-1"]
[WhiteElo "1602"]
[BlackElo "1584"]
[PlyCount "82"]
[EventDate "2024.08.23"]
[EventType "swiss"]
[EventRounds "6"]
[EventCountry "BRA"]
[SourceTitle "CBM 221 Extra"]
[Source "ChessBase"]
[SourceDate "2024.09.30"]
[SourceVersion "1"]
[SourceVersionDate "2024.09.30"]
[SourceQuality "1"]

1. d4 e6 2. Bf4 Nf6 3. Nf3 b6 4. e3 Bb7 5. Be2 d5 6. 0-0 Be7 7. Nbd2 0-0 8. c3 c5 9. Re1 Bd6 10. Bxd6 Qxd6 11. Qb3 c4 12. Qc2 Nbd7 13. b3 b5 14. Rab1 a6 15. bxc4 dxc4 16. e4 Qc7 17. e5 Nd5 18. Ng5 g6 19. Bf3 Nf4 20. Be4 h6 21. Ngf3 Kg7 22. g3 Bxe4 23. Rxe4 Nd5 24. h4 N7b6 25. h5 Kh7 26. Rc1 Rg8 27. Kg2 Rae8 28. Ree1 Qe7 29. Nh4 Qg5 30. hxg6+ fxg6 31. f4 Nxf4+ 32. Kf2 Nd3+ 33. Kg2 Nxc1 34. Qxc1 Nd5 35. Ne4 Qxc1 36. Rxc1 Rg7 37. Kh3 a5 38. Rf1 b4 39. cxb4 axb4 40. Nc5 g5 41. Nf3 g4+ 0-1

[Event "Cacoal op"]
[Site "Cacoal"]
[Date "2024.08.24"]
[Round "2"]
[White "Cesar, Emanuel"]
[Black "Pego, Ana Vitoria Anaclet"]
[Result "1-0"]
[WhiteElo "1602"]
[BlackElo "1724"]
[PlyCount "63"]
[EventDate "2024.08.23"]
[EventType "swiss"]
[EventRounds "6"]
[EventCountry "BRA"]
[SourceTitle "CBM 221 Extra"]
[Source "ChessBase"]
[SourceDate "2024.09.30"]
[SourceVersion "1"]
[SourceVersionDate "2024.09.30"]
[SourceQuality "1"]

1. d4 d5 2. Bf4 e6 3. Nf3 c5 4. c3 Nc6 5. e3 a6 6. Be2 Nf6 7. Ne5 Be7 8. Nxc6 bxc6 9. 0-0 h6 10. Nd2 0-0 11. a3 cxd4 12. exd4 Bd6 13. Bxd6 Qxd6 14. h3 a5 15. Re1 Ba6 16. Bxa6 Rxa6 17. Nb3 a4 18. Nc5 Ne4 19. Nxa6 Qf4 20. Re2 g5 21. Nc5 Nxc5 22. dxc5 Kh8 23. Qd4+ Qxd4 24. cxd4 Rg8 25. Re3 g4 26. b3 axb3 27. Rxb3 gxh3 28. Rxh3 Kh7 29. a4 Rg4 30. Rd1 f5 31. a5 Rg8 32. Ra3 1-0

[Event "Recife Cacoal op"]
[Site "Recife"]
[Date "2024.06.01"]
[Round "4"]
[White "Rocha, Jean Henrique da Cr"]
[Black "Cesar, Emanuel"]
[Result "1-0"]
[WhiteElo "1606"]
[BlackElo "1729"]
[PlyCount "42"]
[EventDate "2024.05.31"]
[EventType "swiss"]
[EventRounds "6"]
[EventCountry "BRA"]
[SourceTitle "CBM 220 Extra"]
[Source "ChessBase"]
[SourceDate "2024.07.31"]
[SourceVersion "1"]
[SourceVersionDate "2024.07.31"]
[SourceQuality "1"]

1. d4 d6 2. c4 e6 3. Nc3 Nf6 4. Bf4 g6 5. Nf3 Bg7 6. e3 0-0 7. Bd3 b6 8. 0-0 a6 9. Qe2 c5 10. dxc5 dxc5 11. Rfd1 Qe7 12. Be4 Bb7 13. Bd6 Qe8 14. Bxb7 Ra7 15. Be4 Rd7 16. Bxf8 Rxd1+ 17. Rxd1 Bxf8 18. Qd2 Nbd7 19. Bc6 Qc8 20. Bxd7 Nxd7 21. Qxd7 Qxd7 1-0